[Event "DEM U16w 2025"]
[Site "Willingen GER"]
[Date "2025.06.11"]
[Round "5"]
[White "Neininger, Sarah"]
[Black "Müller, Riyanna"]
[Result "1-0"]
[Termination "normal"]
[Board "1"]
[BlackTitle "WCM"]
[WhiteElo "1857"]
[BlackElo "2056"]
[WhiteClock "00:18:02"]
[BlackClock "00:50:37"]
[PlyCount "61"]
[WhiteFideId "16287410"]
[BlackFideId "16287401"]
[EventCountry "GER"]
[EventRounds "9"]
[EventType "swiss"]
[EventDate "2025.06.07"]

1. e4 {[%clk 01:30:57]} {[%emt 00:00:02]} c6 {[%clk 01:30:55]} {[%emt
00:00:06]} 2. d4 {[%clk 01:31:23]} {[%emt 00:00:04]} d5 {[%clk 01:31:20]}
{[%emt 00:00:04]} 3. e5 {[%clk 01:31:48]} {[%emt 00:00:05]} c5 {[%clk
01:31:38]} {[%emt 00:00:12]} 4. dxc5 {[%clk 01:32:08]} {[%emt 00:00:11]} e6
{[%clk 01:31:58]} {[%emt 00:00:10]} 5. Be3 {[%clk 01:31:43]} {[%emt 00:00:54]}
Nd7 {[%clk 01:31:53]} {[%emt 00:00:34]} 6. Nf3 {[%clk 01:30:30]} {[%emt
00:01:44]} Bxc5 {[%clk 01:30:07]} {[%emt 00:02:17]} 7. Bxc5 {[%clk 01:27:50]}
{[%emt 00:03:10]} Nxc5 {[%clk 01:30:23]} {[%emt 00:00:14]} 8. Nc3 {[%clk
01:27:17]} {[%emt 00:01:02]} Ne7 {[%clk 01:28:34]} {[%emt 00:02:19]} 9. Qd4
{[%clk 01:23:48]} {[%emt 00:03:56]} Nd7 {[%clk 01:23:54]} {[%emt 00:05:13]} 10.
Bd3 {[%clk 01:21:53]} {[%emt 00:02:25]} Nc6 {[%clk 01:20:19]} {[%emt 00:04:06]}
11. Qg4 {[%clk 01:17:59]} {[%emt 00:04:20]} Kf8 {[%clk 01:16:20]} {[%emt
00:04:32]} 12. Qf4 {[%clk 01:15:03]} {[%emt 00:03:25]} f6 {[%clk 01:15:50]}
{[%emt 00:01:01]} 13. exf6 {[%clk 01:06:40]} {[%emt 00:08:54]} Qxf6 {[%clk
01:16:04]} {[%emt 00:00:16]} 14. Qd6+ {[%clk 01:01:10]} {[%emt 00:05:58]} Qe7
{[%clk 01:13:31]} {[%emt 00:03:03]} 15. Qg3 {[%clk 00:58:09]} {[%emt 00:03:28]}
Nf6 {[%clk 01:10:59]} {[%emt 00:03:06]} 16. O-O {[%clk 00:51:25]} {[%emt
00:07:14]} e5 {[%clk 01:10:30]} {[%emt 00:01:00]} 17. Rfe1 {[%clk 00:47:35]}
{[%emt 00:04:18]} Nh5 {[%clk 01:02:50]} {[%emt 00:08:11]} 18. Nxd5 {[%clk
00:45:47]} {[%emt 00:02:18]} Nxg3 {[%clk 01:01:50]} {[%emt 00:01:30]} 19. Nxe7
{[%clk 00:46:12]} {[%emt 00:00:06]} Kxe7 {[%clk 01:02:16]} {[%emt 00:00:03]}
20. fxg3 {[%clk 00:43:47]} {[%emt 00:02:55]} Kf6 {[%clk 01:01:20]} {[%emt
00:01:27]} 21. Rad1 {[%clk 00:42:13]} {[%emt 00:02:02]} Re8 {[%clk 00:58:12]}
{[%emt 00:03:39]} 22. Bb5 {[%clk 00:40:57]} {[%emt 00:01:45]} e4 {[%clk
00:55:29]} {[%emt 00:03:14]} 23. Bxc6 {[%clk 00:40:07]} {[%emt 00:01:20]} bxc6
{[%clk 00:55:52]} {[%emt 00:00:06]} 24. Rd6+ {[%clk 00:40:16]} {[%emt
00:00:20]} Kf5 {[%clk 00:55:06]} {[%emt 00:01:18]} 25. Rxc6 {[%clk 00:32:27]}
{[%emt 00:08:20]} Bb7 {[%clk 00:55:21]} {[%emt 00:00:14]} 26. Nh4+ {[%clk
00:30:56]} {[%emt 00:01:59]} Ke5 {[%clk 00:51:40]} {[%emt 00:04:13]} 27. Rc7
{[%clk 00:31:10]} {[%emt 00:00:16]} Bd5 {[%clk 00:51:40]} {[%emt 00:00:30]} 28.
Rxg7 {[%clk 00:29:57]} {[%emt 00:01:42]} Rac8 {[%clk 00:51:00]} {[%emt
00:01:10]} 29. c3 {[%clk 00:23:58]} {[%emt 00:06:29]} Bxa2 {[%clk 00:50:59]}
{[%emt 00:00:32]} 30. Rxa7 {[%clk 00:24:00]} {[%emt 00:00:29]} Bd5 {[%clk
00:50:37]} {[%emt 00:00:50]} 31. Ra5 {[%clk 00:18:02]} {[%emt 00:06:22]} 1-0

[Event "DEM U16w 2025"]
[Site "Willingen GER"]
[Date "2025.06.11"]
[Round "5"]
[White "Vogt, Luna"]
[Black "Bauer, Laura Sophie"]
[Result "0-1"]
[Termination "normal"]
[Board "2"]
[WhiteElo "1773"]
[BlackElo "1979"]
[WhiteClock "00:22:38"]
[BlackClock "01:02:44"]
[PlyCount "52"]
[WhiteFideId "34607153"]
[BlackFideId "16253647"]
[EventCountry "GER"]
[EventRounds "9"]
[EventType "swiss"]
[EventDate "2025.06.07"]

1. d4 {[%clk 01:30:57]} {[%emt 00:00:03]} d5 {[%clk 01:30:57]} {[%emt
00:00:04]} 2. c4 {[%clk 01:31:21]} {[%emt 00:00:06]} e6 {[%clk 01:31:23]}
{[%emt 00:00:04]} 3. Nc3 {[%clk 01:31:40]} {[%emt 00:00:10]} Nf6 {[%clk
01:31:47]} {[%emt 00:00:07]} 4. Bg5 {[%clk 01:32:01]} {[%emt 00:00:10]} Be7
{[%clk 01:32:11]} {[%emt 00:00:06]} 5. e3 {[%clk 01:32:20]} {[%emt 00:00:10]}
h6 {[%clk 01:32:36]} {[%emt 00:00:05]} 6. Bh4 {[%clk 01:32:31]} {[%emt
00:00:20]} O-O {[%clk 01:32:56]} {[%emt 00:00:09]} 7. Nf3 {[%clk 01:31:39]}
{[%emt 00:01:23]} b6 {[%clk 01:33:16]} {[%emt 00:00:10]} 8. Bxf6 {[%clk
01:29:14]} {[%emt 00:02:54]} Bxf6 {[%clk 01:33:24]} {[%emt 00:00:22]} 9. h4
{[%clk 01:27:37]} {[%emt 00:02:07]} Bb7 {[%clk 01:31:57]} {[%emt 00:01:58]} 10.
g4 {[%clk 01:26:17]} {[%emt 00:01:49]} Be7 {[%clk 01:25:56]} {[%emt 00:06:32]}
11. g5 {[%clk 01:15:41]} {[%emt 00:11:06]} h5 {[%clk 01:20:31]} {[%emt
00:05:54]} 12. g6 {[%clk 01:14:13]} {[%emt 00:01:58]} fxg6 {[%clk 01:19:23]}
{[%emt 00:01:39]} 13. Ne5 {[%clk 01:11:04]} {[%emt 00:03:38]} Bxh4 {[%clk
01:18:34]} {[%emt 00:01:19]} 14. Rh2 {[%clk 00:43:38]} {[%emt 00:27:56]} Qf6
{[%clk 01:09:18]} {[%emt 00:09:46]} 15. Qc2 {[%clk 00:43:05]} {[%emt 00:01:03]}
Bg3 {[%clk 01:08:27]} {[%emt 00:01:20]} 16. Rg2 {[%clk 00:38:51]} {[%emt
00:04:44]} Bxe5 {[%clk 01:08:31]} {[%emt 00:00:27]} 17. Rxg6 {[%clk 00:37:01]}
{[%emt 00:02:20]} Qf5 {[%clk 01:08:34]} {[%emt 00:00:27]} 18. Bd3 {[%clk
00:37:17]} {[%emt 00:00:14]} Qf3 {[%clk 01:05:41]} {[%emt 00:03:21]} 19. dxe5
{[%clk 00:37:24]} {[%emt 00:00:26]} Nc6 {[%clk 01:04:11]} {[%emt 00:01:59]} 20.
Rg3 {[%clk 00:28:10]} {[%emt 00:09:44]} Nb4 {[%clk 01:02:25]} {[%emt 00:02:16]}
21. Bh7+ {[%clk 00:23:24]} {[%emt 00:05:16]} Kh8 {[%clk 01:02:48]} {[%emt
00:00:08]} 22. Qg6 {[%clk 00:22:15]} {[%emt 00:01:39]} Qxf2+ {[%clk 01:02:39]}
{[%emt 00:00:39]} 23. Kd1 {[%clk 00:22:36]} {[%emt 00:00:08]} Qf1+ {[%clk
01:01:32]} {[%emt 00:01:36]} 24. Kd2 {[%clk 00:22:45]} {[%emt 00:00:22]} Rf2+
{[%clk 01:01:55]} {[%emt 00:00:07]} 25. Ne2 {[%clk 00:22:35]} {[%emt 00:00:40]}
Qxe2+ {[%clk 01:02:19]} {[%emt 00:00:05]} 26. Kc3 {[%clk 00:22:38]} {[%emt
00:00:28]} Qxb2# {[%clk 01:02:44]} {[%emt 00:00:06]} 0-1

[Event "DEM U16w 2025"]
[Site "Willingen GER"]
[Date "2025.06.11"]
[Round "5"]
[White "Wartenberg, Alissa"]
[Black "Mamani Orozco, Camila Guianella"]
[Result "1-0"]
[Termination "normal"]
[Board "3"]
[WhiteElo "1850"]
[BlackElo "1689"]
[WhiteClock "00:06:17"]
[BlackClock "00:01:38"]
[PlyCount "73"]
[WhiteFideId "16280741"]
[BlackFideId "3877663"]
[EventCountry "GER"]
[EventRounds "9"]
[EventType "swiss"]
[EventDate "2025.06.07"]

1. e4 {[%clk 01:30:58]} {[%emt 00:00:02]} c5 {[%clk 01:30:54]} {[%emt
00:00:07]} 2. Nf3 {[%clk 01:31:23]} {[%emt 00:00:05]} Nc6 {[%clk 01:31:11]}
{[%emt 00:00:12]} 3. d4 {[%clk 01:31:46]} {[%emt 00:00:07]} cxd4 {[%clk
01:31:36]} {[%emt 00:00:05]} 4. Nxd4 {[%clk 01:32:13]} {[%emt 00:00:04]} Nf6
{[%clk 01:31:50]} {[%emt 00:00:16]} 5. Nc3 {[%clk 01:32:34]} {[%emt 00:00:09]}
g6 {[%clk 01:31:35]} {[%emt 00:00:45]} 6. Be3 {[%clk 01:32:00]} {[%emt
00:01:04]} Bg7 {[%clk 01:31:37]} {[%emt 00:00:27]} 7. Be2 {[%clk 01:30:07]}
{[%emt 00:02:23]} Qa5 {[%clk 01:27:39]} {[%emt 00:04:27]} 8. O-O {[%clk
01:22:52]} {[%emt 00:07:47]} O-O {[%clk 01:24:52]} {[%emt 00:03:15]} 9. Nb3
{[%clk 01:03:29]} {[%emt 00:19:54]} Qc7 {[%clk 01:10:17]} {[%emt 00:15:02]} 10.
Qd2 {[%clk 00:54:22]} {[%emt 00:09:41]} d6 {[%clk 00:57:30]} {[%emt 00:13:16]}
11. f4 {[%clk 00:47:18]} {[%emt 00:07:35]} Ng4 {[%clk 00:44:33]} {[%emt
00:13:24]} 12. Bxg4 {[%clk 00:47:07]} {[%emt 00:00:43]} Bxg4 {[%clk 00:43:47]}
{[%emt 00:01:16]} 13. f5 {[%clk 00:45:21]} {[%emt 00:02:17]} gxf5 {[%clk
00:36:00]} {[%emt 00:08:17]} 14. exf5 {[%clk 00:40:42]} {[%emt 00:05:08]} Qc8
{[%clk 00:14:50]} {[%emt 00:21:37]} 15. Qf2 {[%clk 00:36:46]} {[%emt 00:04:30]}
Kh8 {[%clk 00:11:55]} {[%emt 00:03:23]} 16. h3 {[%clk 00:34:17]} {[%emt
00:02:59]} Bxc3 {[%clk 00:11:23]} {[%emt 00:01:03]} 17. bxc3 {[%clk 00:34:28]}
{[%emt 00:00:19]} Bh5 {[%clk 00:11:48]} {[%emt 00:00:04]} 18. g4 {[%clk
00:31:25]} {[%emt 00:03:34]} Rg8 {[%clk 00:09:00]} {[%emt 00:03:17]} 19. Qh4
{[%clk 00:29:00]} {[%emt 00:02:55]} f6 {[%clk 00:08:30]} {[%emt 00:01:00]} 20.
Qxh5 {[%clk 00:28:24]} {[%emt 00:01:07]} Ne5 {[%clk 00:08:41]} {[%emt
00:00:20]} 21. Bd2 {[%clk 00:15:48]} {[%emt 00:13:06]} Qc4 {[%clk 00:04:42]}
{[%emt 00:04:28]} 22. Nd4 {[%clk 00:13:06]} {[%emt 00:03:12]} Qc5 {[%clk
00:01:22]} {[%emt 00:03:47]} 23. Qh4 {[%clk 00:11:28]} {[%emt 00:02:10]} Nxg4
{[%clk 00:01:25]} {[%emt 00:00:29]} 24. hxg4 {[%clk 00:11:22]} {[%emt
00:00:35]} Rxg4+ {[%clk 00:01:52]} {[%emt 00:00:02]} 25. Qxg4 {[%clk 00:11:41]}
{[%emt 00:00:12]} Rg8 {[%clk 00:02:20]} {[%emt 00:00:02]} 26. Qxg8+ {[%clk
00:12:00]} {[%emt 00:00:11]} Kxg8 {[%clk 00:02:44]} {[%emt 00:00:06]} 27. Kf2
{[%clk 00:11:27]} {[%emt 00:01:02]} b5 {[%clk 00:01:43]} {[%emt 00:01:32]} 28.
Rg1+ {[%clk 00:11:13]} {[%emt 00:00:43]} Kf7 {[%clk 00:02:02]} {[%emt
00:00:12]} 29. Ke2 {[%clk 00:10:57]} {[%emt 00:00:46]} Qc4+ {[%clk 00:01:25]}
{[%emt 00:01:07]} 30. Ke3 {[%clk 00:11:18]} {[%emt 00:00:09]} Qd5 {[%clk
00:01:07]} {[%emt 00:00:48]} 31. Rh1 {[%clk 00:06:04]} {[%emt 00:05:44]} Qe5+
{[%clk 00:01:24]} {[%emt 00:00:14]} 32. Kf2 {[%clk 00:05:31]} {[%emt 00:01:02]}
b4 {[%clk 00:01:22]} {[%emt 00:00:32]} 33. Rae1 {[%clk 00:05:34]} {[%emt
00:00:27]} Qc5 {[%emt 00:00:47]} 34. Rxh7+ {[%clk 00:05:43]} {[%emt 00:00:15]}
Kg8 {[%clk 00:01:04]} {[%emt 00:00:37]} 35. Rhxe7 {[%clk 00:05:54]} {[%emt
00:00:18]} bxc3 {[%clk 00:01:24]} {[%emt 00:00:11]} 36. Re8+ {[%clk 00:06:17]}
{[%emt 00:00:07]} Kh7 {[%clk 00:01:38]} {[%emt 00:00:16]} 37. R1e7# {[%emt
00:00:04]} 1-0

[Event "DEM U16w 2025"]
[Site "Willingen GER"]
[Date "2025.06.11"]
[Round "5"]
[White "Lorenz, Veronika"]
[Black "Kutz, Ida Klara"]
[Result "1/2-1/2"]
[Termination "normal"]
[Board "4"]
[WhiteElo "1952"]
[BlackElo "1783"]
[WhiteClock "00:01:00"]
[BlackClock "00:02:45"]
[PlyCount "119"]
[WhiteFideId "16277406"]
[BlackFideId "16296257"]
[EventCountry "GER"]
[EventRounds "9"]
[EventType "swiss"]
[EventDate "2025.06.07"]

1. e4 {[%clk 01:30:58]} {[%emt 00:00:02]} c6 {[%clk 01:30:20]} {[%emt
00:00:40]} 2. d4 {[%clk 01:31:27]} {[%emt 00:00:01]} d5 {[%clk 01:30:10]}
{[%emt 00:00:41]} 3. exd5 {[%clk 01:31:55]} {[%emt 00:00:02]} cxd5 {[%clk
01:30:28]} {[%emt 00:00:11]} 4. c4 {[%clk 01:32:24]} {[%emt 00:00:01]} Nf6
{[%clk 01:30:30]} {[%emt 00:00:26]} 5. Nc3 {[%clk 01:32:53]} Nc6 {[%clk
01:30:04]} {[%emt 00:00:59]} 6. Nf3 {[%clk 01:33:18]} {[%emt 00:00:05]} Be6
{[%clk 01:29:42]} {[%emt 00:00:51]} 7. c5 {[%clk 01:32:06]} {[%emt 00:01:43]}
g6 {[%clk 01:29:58]} {[%emt 00:00:13]} 8. Bb5 {[%clk 01:31:08]} {[%emt
00:01:28]} Bg7 {[%clk 01:29:43]} {[%emt 00:00:44]} 9. h3 {[%clk 01:25:23]}
{[%emt 00:06:16]} O-O {[%clk 01:28:02]} {[%emt 00:02:10]} 10. O-O {[%clk
01:25:39]} {[%emt 00:00:16]} Bf5 {[%clk 01:22:40]} {[%emt 00:05:52]} 11. Bxc6
{[%clk 01:22:53]} {[%emt 00:03:16]} bxc6 {[%clk 01:21:46]} {[%emt 00:01:23]}
12. Ne5 {[%clk 01:22:15]} {[%emt 00:01:08]} Qc7 {[%clk 01:15:49]} {[%emt
00:06:27]} 13. Bf4 {[%clk 01:19:52]} {[%emt 00:02:53]} Qb7 {[%clk 01:15:09]}
{[%emt 00:01:10]} 14. g4 {[%clk 01:04:31]} {[%emt 00:15:51]} Be6 {[%clk
01:07:52]} {[%emt 00:07:44]} 15. Qe2 {[%clk 00:53:12]} {[%emt 00:11:52]} Rac8
{[%clk 00:45:38]} {[%emt 00:22:44]} 16. f3 {[%clk 00:35:54]} {[%emt 00:17:48]}
Qb4 {[%clk 00:34:45]} {[%emt 00:11:23]} 17. Rfd1 {[%clk 00:35:49]} {[%emt
00:00:34]} Nd7 {[%clk 00:21:48]} {[%emt 00:13:28]} 18. Rab1 {[%clk 00:34:29]}
{[%emt 00:01:51]} Nxe5 {[%clk 00:17:26]} {[%emt 00:04:52]} 19. Bxe5 {[%clk
00:32:28]} {[%emt 00:02:31]} f6 {[%clk 00:17:23]} {[%emt 00:00:32]} 20. Bg3
{[%clk 00:29:40]} {[%emt 00:03:18]} Bf7 {[%clk 00:15:35]} {[%emt 00:02:19]} 21.
Qxe7 {[%clk 00:26:22]} {[%emt 00:03:47]} f5 {[%clk 00:12:08]} {[%emt 00:03:58]}
22. Qe3 {[%clk 00:16:26]} {[%emt 00:10:25]} fxg4 {[%clk 00:12:17]} {[%emt
00:00:21]} 23. hxg4 {[%clk 00:15:09]} {[%emt 00:01:46]} Qb7 {[%clk 00:11:07]}
{[%emt 00:01:41]} 24. Re1 {[%clk 00:10:37]} {[%emt 00:05:02]} Rce8 {[%clk
00:05:38]} {[%emt 00:06:00]} 25. Qf2 {[%clk 00:11:06]} {[%emt 00:00:01]} Be6
{[%clk 00:05:31]} {[%emt 00:00:37]} 26. Kg2 {[%clk 00:11:01]} {[%emt 00:00:34]}
Qd7 {[%clk 00:03:02]} {[%emt 00:03:00]} 27. Bd6 {[%clk 00:07:52]} {[%emt
00:03:38]} Rf7 {[%clk 00:03:11]} {[%emt 00:00:21]} 28. Qe3 {[%clk 00:06:09]}
{[%emt 00:02:06]} Bf8 {[%clk 00:02:17]} {[%emt 00:01:32]} 29. Bxf8 {[%clk
00:05:37]} {[%emt 00:01:01]} Rfxf8 {[%clk 00:02:41]} {[%emt 00:00:07]} 30. Qg5
{[%clk 00:04:17]} {[%emt 00:01:46]} Qf7 {[%clk 00:02:11]} {[%emt 00:01:04]} 31.
Re3 {[%clk 00:04:19]} {[%emt 00:00:28]} Bxg4 {[%clk 00:01:46]} {[%emt
00:00:56]} 32. Rf1 {[%clk 00:02:28]} {[%emt 00:02:19]} Rxe3 {[%clk 00:01:51]}
{[%emt 00:00:25]} 33. Qxe3 {[%clk 00:02:53]} {[%emt 00:00:05]} Bd7 {[%clk
00:01:23]} {[%emt 00:00:58]} 34. Re1 {[%clk 00:00:39]} {[%emt 00:02:43]} Qf5
{[%clk 00:01:09]} {[%emt 00:00:45]} 35. Kf2 {[%clk 00:00:37]} {[%emt 00:00:33]}
Qh3 {[%clk 00:01:09]} {[%emt 00:00:29]} 36. Rg1 {[%clk 00:00:36]} {[%emt
00:00:31]} Bg4 {[%clk 00:00:37]} {[%emt 00:01:03]} 37. Rg3 {[%clk 00:00:32]}
{[%emt 00:00:33]} Qh2+ {[%clk 00:00:57]} {[%emt 00:00:10]} 38. Rg2 {[%clk
00:01:01]} Qh4+ {[%clk 00:01:18]} {[%emt 00:00:10]} 39. Kg1 {[%clk 00:00:31]}
{[%emt 00:01:00]} Bh3 {[%clk 00:00:46]} {[%emt 00:01:02]} 40. Rg5 {[%clk
00:00:31]} {[%emt 00:00:30]} Rxf3 {[%clk 00:00:36]} {[%emt 00:00:40]} 41. Rxg6+
{[%clk 00:29:38]} {[%emt 00:01:23]} hxg6 {[%clk 00:30:45]} {[%emt 00:00:21]}
42. Qxf3 {[%clk 00:30:02]} {[%emt 00:00:06]} Qxd4+ {[%clk 00:28:31]} {[%emt
00:02:45]} 43. Qf2 {[%clk 00:25:05]} {[%emt 00:05:27]} Qxf2+ 44. Kxf2 {[%clk
00:25:34]} d4 {[%clk 00:24:36]} {[%emt 00:00:33]} 45. Ne2 {[%clk 00:25:33]}
{[%emt 00:00:32]} d3 {[%clk 00:23:32]} {[%emt 00:01:32]} 46. Nd4 {[%clk
00:25:55]} {[%emt 00:00:09]} Bg2 {[%clk 00:23:33]} {[%emt 00:00:29]} 47. Ke3
{[%clk 00:24:35]} {[%emt 00:01:49]} Be4 {[%clk 00:20:42]} {[%emt 00:03:19]} 48.
Nb3 {[%clk 00:18:46]} {[%emt 00:06:23]} Bd5 {[%clk 00:17:07]} {[%emt 00:04:04]}
49. Na5 {[%clk 00:18:42]} {[%emt 00:00:34]} g5 {[%clk 00:15:53]} {[%emt
00:01:43]} 50. Kxd3 {[%clk 00:18:18]} {[%emt 00:00:55]} Kf7 {[%clk 00:11:54]}
{[%emt 00:04:30]} 51. a4 {[%clk 00:16:11]} {[%emt 00:02:36]} g4 {[%clk
00:08:56]} {[%emt 00:03:27]} 52. b4 {[%clk 00:16:09]} {[%emt 00:00:33]} a6
{[%clk 00:07:22]} {[%emt 00:02:05]} 53. Ke3 {[%clk 00:15:16]} {[%emt 00:01:22]}
g3 {[%clk 00:07:15]} {[%emt 00:00:37]} 54. Nb7 {[%clk 00:10:40]} {[%emt
00:05:06]} Kf6 {[%clk 00:04:58]} {[%emt 00:02:47]} 55. Ke2 {[%clk 00:07:58]}
{[%emt 00:03:11]} Ke5 {[%clk 00:05:00]} {[%emt 00:00:28]} 56. Nd6 {[%clk
00:02:55]} {[%emt 00:05:35]} Kf4 {[%clk 00:04:49]} {[%emt 00:00:40]} 57. Kf1
{[%clk 00:01:55]} {[%emt 00:01:29]} Bb3 {[%clk 00:01:57]} {[%emt 00:03:24]} 58.
b5 {[%clk 00:00:58]} {[%emt 00:01:27]} cxb5 {[%clk 00:02:23]} {[%emt 00:00:04]}
59. axb5 {[%clk 00:01:07]} {[%emt 00:00:21]} axb5 {[%clk 00:02:45]} {[%emt
00:00:07]} 60. c6 {[%clk 00:01:00]} {[%emt 00:00:37]} b4 {[%clk 00:01:48]}
{[%emt 00:01:27]} 61. c7 {[%clk 00:01:08]} {[%emt 00:00:22]} Be6 {[%clk
00:02:10]} {[%emt 00:00:08]} 62. c8=Q {[%clk 00:00:32]} {[%emt 00:01:07]} Bxc8
{[%clk 00:02:34]} {[%emt 00:00:05]} 63. Nxc8 {[%clk 00:01:01]} {[%emt
00:00:02]} Ke4 {[%clk 00:00:39]} {[%emt 00:02:24]} 64. Nb6 {[%emt 00:00:25]}
Ke5 {[%emt 00:00:54]} 1/2-1/2

[Event "DEM U16w 2025"]
[Site "Willingen GER"]
[Date "2025.06.11"]
[Round "5"]
[White "Bezsonna, Polina"]
[Black "Halas, Neele Zoe"]
[Result "1-0"]
[Termination "normal"]
[Board "5"]
[WhiteElo "1972"]
[BlackElo "1804"]
[WhiteClock "00:30:46"]
[BlackClock "00:36:29"]
[PlyCount "99"]
[WhiteFideId "14191156"]
[BlackFideId "16287282"]
[EventCountry "GER"]
[EventRounds "9"]
[EventType "swiss"]
[EventDate "2025.06.07"]

1. e4 {[%clk 01:30:56]} {[%emt 00:00:03]} e6 {[%clk 01:30:34]} {[%emt
00:00:26]} 2. d4 {[%clk 01:31:04]} {[%emt 00:00:22]} d5 {[%clk 01:30:59]}
{[%emt 00:00:05]} 3. e5 {[%clk 01:29:35]} {[%emt 00:01:59]} c5 {[%clk
01:28:56]} {[%emt 00:02:33]} 4. f4 {[%clk 01:29:58]} {[%emt 00:00:08]} Qb6
{[%clk 01:27:55]} {[%emt 00:01:31]} 5. Nf3 {[%clk 01:30:04]} {[%emt 00:00:23]}
Bd7 {[%clk 01:26:24]} {[%emt 00:02:02]} 6. c3 {[%clk 01:27:39]} {[%emt
00:02:55]} Bb5 {[%clk 01:25:21]} {[%emt 00:01:33]} 7. Qb3 {[%clk 01:10:49]}
{[%emt 00:17:19]} Bxf1 {[%clk 01:24:02]} {[%emt 00:01:49]} 8. Rxf1 {[%clk
01:05:55]} {[%emt 00:05:24]} Qxb3 {[%clk 01:21:07]} {[%emt 00:03:26]} 9. axb3
{[%clk 01:06:22]} {[%emt 00:00:04]} Nh6 {[%clk 01:16:31]} {[%emt 00:05:05]} 10.
h3 {[%clk 00:48:07]} {[%emt 00:18:45]} Nc6 {[%clk 01:09:45]} {[%emt 00:07:16]}
11. Be3 {[%clk 00:47:40]} {[%emt 00:00:56]} cxd4 {[%clk 01:02:36]} {[%emt
00:07:39]} 12. Nxd4 {[%clk 00:45:58]} {[%emt 00:02:11]} Nxd4 {[%clk 00:56:22]}
{[%emt 00:06:44]} 13. Bxd4 {[%clk 00:46:12]} {[%emt 00:00:16]} a6 {[%clk
00:55:54]} {[%emt 00:00:59]} 14. g4 {[%clk 00:45:37]} {[%emt 00:01:04]} Rc8
{[%clk 00:53:41]} {[%emt 00:02:44]} 15. Na3 {[%clk 00:38:45]} {[%emt 00:07:21]}
Ng8 {[%clk 00:43:39]} {[%emt 00:10:32]} 16. Kf2 {[%clk 00:22:49]} {[%emt
00:16:25]} Ne7 {[%clk 00:37:46]} {[%emt 00:06:24]} 17. Nc2 {[%clk 00:22:03]}
{[%emt 00:01:16]} Nc6 {[%clk 00:35:56]} {[%emt 00:02:21]} 18. Kg3 {[%clk
00:17:59]} {[%emt 00:04:33]} Nxd4 {[%clk 00:31:21]} {[%emt 00:05:06]} 19. Nxd4
{[%clk 00:18:28]} Bc5 {[%clk 00:31:39]} {[%emt 00:00:12]} 20. Rad1 {[%clk
00:16:33]} {[%emt 00:02:25]} Bxd4 {[%clk 00:25:10]} {[%emt 00:06:59]} 21. Rxd4
{[%clk 00:16:57]} {[%emt 00:00:06]} O-O {[%clk 00:25:23]} {[%emt 00:00:17]} 22.
f5 {[%clk 00:13:58]} {[%emt 00:03:30]} Rc6 {[%clk 00:23:55]} {[%emt 00:01:57]}
23. Rb4 {[%clk 00:09:13]} {[%emt 00:05:14]} b5 {[%clk 00:23:09]} {[%emt
00:01:17]} 24. Rd4 {[%clk 00:07:20]} {[%emt 00:02:22]} Rfc8 {[%clk 00:21:38]}
{[%emt 00:02:01]} 25. h4 {[%clk 00:06:04]} {[%emt 00:01:47]} h6 {[%clk
00:16:30]} {[%emt 00:05:38]} 26. g5 {[%clk 00:05:52]} {[%emt 00:00:42]} R6c7
{[%clk 00:15:08]} {[%emt 00:01:52]} 27. gxh6 {[%clk 00:05:57]} {[%emt
00:00:24]} gxh6 {[%clk 00:15:33]} {[%emt 00:00:05]} 28. fxe6 {[%clk 00:06:12]}
{[%emt 00:00:15]} fxe6 {[%clk 00:15:17]} {[%emt 00:00:46]} 29. Rf6 {[%clk
00:05:47]} {[%emt 00:00:56]} Rg7+ {[%clk 00:14:09]} {[%emt 00:01:37]} 30. Rg4
{[%clk 00:05:52]} {[%emt 00:00:26]} b4 {[%clk 00:13:20]} {[%emt 00:01:19]} 31.
cxb4 {[%clk 00:03:30]} {[%emt 00:02:52]} Rxg4+ {[%clk 00:11:13]} {[%emt
00:02:37]} 32. Kxg4 {[%clk 00:03:58]} {[%emt 00:00:01]} Rc6 {[%clk 00:09:47]}
{[%emt 00:01:56]} 33. Rxh6 {[%clk 00:01:53]} {[%emt 00:02:36]} Rb6 {[%clk
00:09:43]} {[%emt 00:00:34]} 34. Kg5 {[%clk 00:01:15]} {[%emt 00:01:08]} d4
{[%clk 00:08:04]} {[%emt 00:02:09]} 35. Kf6 {[%clk 00:00:54]} {[%emt 00:00:50]}
Rxb4 {[%clk 00:06:24]} {[%emt 00:02:11]} 36. Rg6+ {[%clk 00:01:23]} Kh7 {[%clk
00:05:41]} {[%emt 00:01:12]} 37. Rg3 {[%clk 00:01:44]} {[%emt 00:00:08]} d3
{[%clk 00:04:52]} {[%emt 00:01:20]} 38. Rxd3 {[%clk 00:02:09]} {[%emt
00:00:05]} Rxh4 {[%clk 00:05:14]} {[%emt 00:00:08]} 39. Kxe6 {[%clk 00:02:35]}
{[%emt 00:00:04]} Kg7 {[%clk 00:04:47]} {[%emt 00:00:57]} 40. Kd7 {[%clk
00:01:18]} {[%emt 00:01:47]} Kf8 {[%clk 00:04:23]} {[%emt 00:00:53]} 41. e6
{[%clk 00:01:25]} {[%emt 00:00:23]} Rh7+ {[%clk 00:04:01]} {[%emt 00:00:52]}
42. Kd8 {[%clk 00:28:38]} {[%emt 00:03:17]} Rb7 {[%clk 00:34:16]} {[%emt
00:00:14]} 43. Rf3 {[%clk 00:29:00]} {[%emt 00:00:09]} Kg7 {[%clk 00:34:38]}
{[%emt 00:00:07]} 44. e7 {[%clk 00:29:17]} {[%emt 00:00:14]} Rb8+ {[%clk
00:34:56]} {[%emt 00:00:12]} 45. Kc7 {[%clk 00:28:59]} {[%emt 00:00:47]} Ra8
{[%clk 00:35:15]} {[%emt 00:00:11]} 46. Kd7 {[%clk 00:29:15]} {[%emt 00:00:15]}
Ra7+ {[%clk 00:35:37]} {[%emt 00:00:08]} 47. Ke6 {[%clk 00:29:41]} {[%emt
00:00:04]} Ra8 {[%clk 00:36:00]} {[%emt 00:00:07]} 48. Rg3+ {[%clk 00:30:02]}
{[%emt 00:00:10]} Kh6 {[%clk 00:36:06]} {[%emt 00:00:22]} 49. Kf7 {[%clk
00:30:19]} {[%emt 00:00:15]} Ra7 {[%clk 00:36:29]} {[%emt 00:00:07]} 50. Kf8
{[%clk 00:30:46]} {[%emt 00:00:02]} 1-0